| 000 | 00537pam a2200169 a 4500 | ||
|---|---|---|---|
| 005 | 20250901165446.0 | ||
| 008 | 871208s1988 nyua 000 0 eng | ||
| 010 | _a 87036769 | ||
| 020 |
_a0377001813 (pbk.) : _c$4.95 |
||
| 050 | 0 | 0 |
_aHC110.P6 .G53 1988 _bG53 1988 |
| 082 | 0 | 0 |
_a362.5/575/0971 _219 |
| 100 | 1 | _aGittings, James A. | |
| 245 | 1 | 0 |
_aBreach of promise : _bportraits of poverty in North America / _cJames A. Gittings. |
| 260 |
_aNew York : _bFriendship Press, _c1988. |
||
| 300 |
_aiv, 130 p. : _bill. ; _c22 cm. |
||
| 942 | _2lcc | ||
| 999 |
_c4302 _d4302 |
||